R for data science: import, tidy, transform, visualize, and model data

Saved in:
Bibliographic Details
Main Authors: Wickham, Hadley (Author), Grolemund, Garrett (Author)
Format: Book
Language:English
Published: Beijing, China: O'Reilly, 2016.
Edition:First edition.
Subjects:
Tags: Add Tag
No Tags, Be the first to tag this record!

MARC

LEADER 00000cam a2200000 a 4500
001 UCC5798
003 CL-VaPUC
005 20250102103455.0
008 181031e20160000us |||||||||||||||||eng|d
999 |c 372912  |d 372910 
020 |a 9781491910399 
040 |c Pontificia Universidad Católica de Valparaíso 
082 0 4 |a 519.535 WIC 2016  |2 21 
100 0 |a Wickham, Hadley  |e author  |9 600185 
245 1 0 |a R for data science: import, tidy, transform, visualize, and model data 
250 |a First edition. 
260 |a Beijing, China:  |b O'Reilly,  |c 2016. 
300 |a 492 páginas.  
583 |a last modification  |c 20181214 09:03:43  |k Rodrigo Vera 
650 0 |a Minería de datos   |2 CL-VaPUC  |9 600370 
650 0 |a Data mining (Minería de datos)   |9 493858 
650 0 |a Análisis de datos  |9 269871 
650 0 |a R (Lenguaje de programación)  |9 858460 
700 0 |a Grolemund, Garrett  |e author  |9 600186 
942 |c BK  |2 ddc 
945 |d 20181031 17:21:00  |a dcastane 
952 |0 0  |1 0  |3 erb  |4 0  |6 519_535000000000000_WIC_2016  |7 0  |8 A  |9 490795  |a BIBGIM  |b BIBGIM  |i 5510635  |l 2  |o 519.535 WIC 2016  |p 5510635  |r 2025-01-15  |s 2022-06-15  |w 2019-11-24  |y BK  |z Catalogado en:20181031  |k EST 
952 |0 0  |1 0  |3 erb  |4 0  |6 519_535000000000000_WIC_2016  |7 0  |8 A  |9 490796  |a BIBING  |b BIBING  |i 5523869  |o 519.535 WIC 2016  |p 5523869  |r 2025-01-20  |w 2019-11-24  |y BK  |z Catalogado en:20181220  |k EII 
952 |0 0  |1 0  |2 ddc  |4 0  |6 519_535000000000000_WIC_2016  |7 0  |8 A  |9 586592  |a BIBAGR  |b BIBAGR  |c GEN  |d 2022-09-05  |e 59  |g 38492.00  |i 5654504  |o 519.535 WIC 2016  |p 5654504  |r 2025-01-20  |t 3  |v 38492.00  |w 2022-09-05  |y BK  |k DCA